Nickelodeon Characters - Statistics

General Stats
  • This quiz has been taken 122 times
  • The average score is 8 of 17
Answer Stats
Picture Answer % Correct
Ariana Grande
84%
Victoria Justice
84%
Miranda Cosgrove
83%
Jennette McCurdy
61%
Daniella Monet
52%
Drake Bell
49%
Jerry Trainor
47%
Nathan Kress
47%
Josh Peck
46%
Liz Gillies
46%
Matt Bennett
33%
Leon Thomas III
28%
Avan Jogia
25%
James Maslow
24%
Kendall Schmidt
19%
Logan Henderson
17%
Carlos PenaVega
16%
No matching quizzes found
Score Distribution
Percent of People with Each Score
Percentile by Number Answered
Your Score History
You have not taken this quiz